[Event "Rohde op 12th"]
[Site "Sautron"]
[Date "2012.10.29"]
[Round "3"]
[White "Lagarde, Maxime"]
[Black "Nguyen, Chi Minh"]
[Result "1-0"]
[WhiteElo "2501"]
[BlackElo "2392"]
[PlyCount "71"]
[EventDate "2012.10.27"]
[EventType "swiss"]
[EventRounds "9"]
[EventCountry "FRA"]
[SourceTitle "EXT 2014"]
[Source "ChessBase"]
[SourceDate "2013.11.20"]
[SourceVersion "1"]
[SourceVersionDate "2013.11.20"]
[SourceQuality "1"]

1. d4 e6 2. Nf3 Nf6 3. c4 b6 4. a3 Bb7 5. Nc3 Ne4 6. Nxe4 Bxe4 7. e3 Qf6 8. Bd3 Bxd3 9. Qxd3 Qg6 10. e4 Qxg2 11. Rg1 Qh3 12. Bf4 h6 13. Bxc7 Nc6 14. Rg3 Qh5 15. d5 Rc8 16. dxc6 Rxc7 17. Rd1 d6 18. e5 Rxc6 19. Qe4 Kd7 20. exd6 f6 21. Nd4 Rxd6 22. Rgd3 Qe5 23. Qxe5 fxe5 24. Nf3 Kc7 25. Nxe5 Rg8 26. Rf3 Rxd1+ 27. Kxd1 g5 28. Rf7+ Kd6 29. Nd3 Be7 30. Rh7 a5 31. a4 Rg6 32. Ke2 Bf6 33. Rf7 Bd4 34. Kf3 g4+ 35. Ke4 Bc5 36. Ne5 1-0

[Event "Vaujany op 3rd"]
[Site "Vaujany"]
[Date "2012.07.18"]
[Round "7"]
[White "Nguyen, Chi Minh"]
[Black "Gozzoli, Yannick"]
[Result "1/2-1/2"]
[WhiteElo "2405"]
[BlackElo "2547"]
[PlyCount "57"]
[EventDate "2012.07.12"]
[EventType "swiss"]
[EventRounds "9"]
[EventCountry "FRA"]
[SourceTitle "CBM 149 Extra"]
[Source "ChessBase"]
[SourceDate "2012.08.24"]
[SourceVersion "1"]
[SourceVersionDate "2012.08.24"]
[SourceQuality "1"]

1. d4 Nf6 2. c4 g6 3. Nc3 d5 4. Bg5 Ne4 5. Bh4 Nxc3 6. bxc3 dxc4 7. Qa4+ Qd7 8. Qxc4 b6 9. Bg3 Ba6 10. Qxc7 Qxc7 11. Bxc7 Nd7 12. Bf4 e5 13. dxe5 Rc8 14. e3 Bxf1 15. Kxf1 Rxc3 16. Nf3 Bg7 17. g4 h5 18. g5 Rc5 19. Kg2 Ke7 20. Rad1 Nxe5 21. Bxe5 Bxe5 22. Nxe5 Rxe5 23. h4 Ra5 24. Rd4 Rd8 25. Re4+ Kf8 26. Rc1 Rad5 27. Rc7 R8d7 28. Rc8+ Rd8 29. Rc7 1/2-1/2

[Event "Vaujany op 3rd"]
[Site "Vaujany"]
[Date "2012.07.16"]
[Round "5"]
[White "Nguyen, Chi Minh"]
[Black "Viennot, Dylan"]
[Result "1-0"]
[WhiteElo "2405"]
[BlackElo "2149"]
[PlyCount "89"]
[EventDate "2012.07.12"]
[EventType "swiss"]
[EventRounds "9"]
[EventCountry "FRA"]
[SourceTitle "CBM 149 Extra"]
[Source "ChessBase"]
[SourceDate "2012.08.24"]
[SourceVersion "1"]
[SourceVersionDate "2012.08.24"]
[SourceQuality "1"]

1. d4 e6 2. c4 Nf6 3. Nc3 Bb4 4. e3 0-0 5. Bd3 d5 6. cxd5 exd5 7. Nge2 c5 8. 0-0 Nc6 9. a3 Bxc3 10. bxc3 Qc7 11. f3 Re8 12. g4 h6 13. Ng3 Bd7 14. Ra2 Rad8 15. Rg2 Qa5 16. Qc2 Ne7 17. Qb2 Nc8 18. h4 g6 19. h5 g5 20. c4 dxc4 21. Bxc4 Nd6 22. Ba2 c4 23. Bd2 Qb6 24. Qxb6 axb6 25. e4 Nh7 26. Bb4 Nb5 27. d5 Rc8 28. Rc1 c3 29. Ne2 Ra8 30. Nxc3 Rec8 31. Ne2 Rxc1+ 32. Nxc1 Nxa3 33. Nd3 Nb5 34. Ne5 Be8 35. d6 Nf6 36. Rd2 Ra4 37. Rb2 Nd4 38. Kf2 Kg7 39. Bc3 Kf8 40. Ke3 Nb5 41. Bb4 Nd7 42. Bxf7 Nxe5 43. d7+ Kxf7 44. d8Q Nc6 45. Qd5+ 1-0

[Event "Vaujany op 3rd"]
[Site "Vaujany"]
[Date "2012.07.14"]
[Round "3"]
[White "Nguyen, Chi Minh"]
[Black "Moal, Alain"]
[Result "1/2-1/2"]
[WhiteElo "2405"]
[BlackElo "2175"]
[PlyCount "50"]
[EventDate "2012.07.12"]
[EventType "swiss"]
[EventRounds "9"]
[EventCountry "FRA"]
[SourceTitle "CBM 149 Extra"]
[Source "ChessBase"]
[SourceDate "2012.08.24"]
[SourceVersion "1"]
[SourceVersionDate "2012.08.24"]
[SourceQuality "1"]

1. d4 Nf6 2. c4 g6 3. Nc3 d5 4. cxd5 Nxd5 5. Bd2 Bg7 6. e4 Nb6 7. Be3 0-0 8. Bb5 Qd6 9. Nge2 a6 10. e5 Qd8 11. Bd3 Nc6 12. 0-0 Nb4 13. Be4 N4d5 14. Nf4 Nxf4 15. Bxf4 c6 16. d5 cxd5 17. Nxd5 Be6 18. Nxb6 Qxb6 19. Qf3 Qxb2 20. Rfb1 Qd4 21. Bxb7 Rab8 22. Rd1 Qb2 23. Rdb1 Qd4 24. Rd1 Qb2 25. Rdb1 Qd4 1/2-1/2

[Event "Vaujany op 3rd"]
[Site "Vaujany"]
[Date "2012.07.12"]
[Round "1"]
[White "Nguyen, Chi Minh"]
[Black "Bach, Anatole"]
[Result "1-0"]
[WhiteElo "2405"]
[BlackElo "2052"]
[PlyCount "45"]
[EventDate "2012.07.12"]
[EventType "swiss"]
[EventRounds "9"]
[EventCountry "FRA"]
[SourceTitle "CBM 149 Extra"]
[Source "ChessBase"]
[SourceDate "2012.08.24"]
[SourceVersion "1"]
[SourceVersionDate "2012.08.24"]
[SourceQuality "1"]

1. d4 Nf6 2. c4 c5 3. d5 b5 4. Qc2 g6 5. e4 d6 6. cxb5 a6 7. Nc3 Bg7 8. Nf3 0-0 9. h3 e6 10. dxe6 Bxe6 11. Be3 Re8 12. Rd1 Qb6 13. a3 Nbd7 14. a4 Nf8 15. Be2 Bd7 16. 0-0 axb5 17. axb5 Ne6 18. Qd2 Bf8 19. Bc4 Qb7 20. Qc2 h6 21. e5 dxe5 22. Nxe5 Nd4 23. Qxg6+ 1-0

[Event "Pula op 26th"]
[Site "Pula"]
[Date "2012.06.16"]
[Round "9"]
[White "Nguyen, Chi Minh"]
[Black "Lizak, Peter"]
[Result "0-1"]
[WhiteElo "2419"]
[BlackElo "2423"]
[PlyCount "64"]
[EventDate "2012.06.09"]
[EventType "swiss"]
[EventRounds "9"]
[EventCountry "CRO"]
[SourceTitle "CBM 148 Extra"]
[Source "ChessBase"]
[SourceDate "2012.06.22"]
[SourceVersion "1"]
[SourceVersionDate "2012.06.22"]
[SourceQuality "1"]

1. d4 d5 2. c4 e6 3. Nc3 c5 4. cxd5 exd5 5. Nf3 Nc6 6. g3 Nf6 7. Bg2 Be7 8. 0-0 0-0 9. Bg5 c4 10. Ne5 Be6 11. f4 h6 12. Bxf6 Bxf6 13. Kh1 Ne7 14. e4 Bxe5 15. dxe5 d4 16. Nb5 Nc6 17. Rc1 Qb6 18. Nd6 Rad8 19. Qh5 d3 20. g4 Qxb2 21. g5 hxg5 22. Rb1 Qe2 23. Bf3 Qe3 24. Qxg5 d2 25. Qg3 Nd4 26. f5 c3 27. Rf2 Nxf3 28. Rxf3 c2 29. Rg1 Qxg1+ 30. Qxg1 d1Q 31. Rf1 Rxd6 32. exd6 Qxd6 0-1

[Event "Pula op 26th"]
[Site "Pula"]
[Date "2012.06.15"]
[Round "8"]
[White "Swanson, Stephen"]
[Black "Nguyen, Chi Minh"]
[Result "0-1"]
[WhiteElo "2277"]
[BlackElo "2419"]
[PlyCount "118"]
[EventDate "2012.06.09"]
[EventType "swiss"]
[EventRounds "9"]
[EventCountry "CRO"]
[SourceTitle "CBM 148 Extra"]
[Source "ChessBase"]
[SourceDate "2012.06.22"]
[SourceVersion "1"]
[SourceVersionDate "2012.06.22"]
[SourceQuality "1"]

1. e4 e6 2. d3 d5 3. Nd2 Nf6 4. f4 dxe4 5. dxe4 e5 6. f5 Bc5 7. Qf3 Nc6 8. c3 g6 9. Nb3 Bb6 10. Bg5 gxf5 11. exf5 Rg8 12. Nh3 Qe7 13. Bb5 Bd7 14. 0-0-0 0-0-0 15. Rhe1 Nb8 16. Bxd7+ Nbxd7 17. Kb1 e4 18. Qf4 h6 19. Bh4 Rxg2 20. Bg3 e3 21. Nd4 Qe4+ 22. Qxe4 Nxe4 23. Rxe3 Ndf6 24. Nf4 Rxg3 25. hxg3 c5 26. Nfe2 cxd4 27. Nxd4 Rg8 28. Rde1 Bxd4 29. cxd4 Rg4 30. d5 Kd7 31. Ra3 a6 32. Rae3 Kd6 33. Kc2 h5 34. Rb3 b5 35. Ra3 Nc5 36. Rae3 Nxd5 37. Re8 Rxg3 38. Rd8+ Nd7 39. Rd1 Ke7 40. Rxd7+ Kxd7 41. Rxd5+ Kc6 42. Re5 Kd6 43. Re8 Rf3 44. Ra8 Rxf5 45. Rxa6+ Ke5 46. a4 bxa4 47. Rxa4 Kf6 48. Kd3 Kg5 49. Ra1 h4 50. Rg1+ Kf4 51. Rf1+ Kg5 52. Rg1+ Kh5 53. b4 h3 54. Rb1 Kg4 55. b5 h2 56. b6 Rh5 57. b7 Rh8 58. Ke3 Rb8 59. Rb4+ Kg3 0-1

[Event "Metz op 30th"]
[Site "Metz"]
[Date "2012.04.17"]
[Round "6"]
[White "Sanikidze, Tornike"]
[Black "Nguyen, Chi Minh"]
[Result "1/2-1/2"]
[WhiteElo "2549"]
[BlackElo "2420"]
[PlyCount "58"]
[EventDate "2012.04.14"]
[EventType "swiss"]
[EventRounds "9"]
[EventCountry "FRA"]
[SourceTitle "EXT 2013"]
[Source "ChessBase"]
[SourceDate "2012.11.22"]
[SourceVersion "1"]
[SourceVersionDate "2012.11.22"]
[SourceQuality "1"]

1. d4 Nf6 2. c4 e6 3. Nc3 Bb4 4. e3 b6 5. Nge2 Ne4 6. Qb3 c5 7. f3 Nd6 8. Ng3 Qh4 9. Bd3 Nc6 10. dxc5 Bxc5 11. 0-0 f5 12. Na4 0-0 13. Nxc5 bxc5 14. Qc3 Rf6 15. Rd1 Nf7 16. b3 d6 17. Bb2 e5 18. Qe1 Nb4 19. Bb1 Ng5 20. f4 Nf7 21. a3 Nc6 22. b4 Be6 23. b5 Rh6 24. Nxf5 Qxh2+ 25. Kf2 Bxf5 26. Bxf5 exf4 27. bxc6 Qh4+ 28. Kg1 Qh2+ 29. Kf2 Qh4+ 1/2-1/2